000
00251nam a22001097a 4500
040
_c
SY
100
_a
ឯក សុភាព
245
_a
វិស្វកម្មកសិកម្ម
260
_a
RUA
_b
ឯក
_c
2011
300
_a
276p.
942
_c
EK
999
_c
9025
_d
9025